[Event "Nittenau-ch 14th"]
[Site "Nittenau"]
[Date "2014.09.06"]
[Round "2"]
[White "Nussbaumer, Johann"]
[Black "Benkert, Gerhard"]
[Result "1/2-1/2"]
[WhiteElo "2042"]
[BlackElo "1580"]
[PlyCount "80"]
[EventDate "2014.09.05"]
[EventType "swiss"]
[EventRounds "5"]
[EventCountry "GER"]
[SourceTitle "CBM 162 Extra"]
[Source "ChessBase"]
[SourceDate "2014.10.17"]
[SourceVersion "1"]
[SourceVersionDate "2014.10.17"]
[SourceQuality "1"]

1. d4 d5 2. c4 e6 3. Nc3 Nf6 4. Bg5 Be7 5. e3 Nbd7 6. Nf3 a6 7. Qc2 dxc4 8. Bxc4 b5 9. Bd3 Bb7 10. Rd1 0-0 11. 0-0 h6 12. Bh4 Rc8 13. Ne5 Qe8 14. Nxd7 Nxd7 15. Bxe7 Qxe7 16. Bh7+ Kh8 17. Be4 Bxe4 18. Qxe4 Nf6 19. Qh4 c5 20. Ne4 cxd4 21. Nxf6 Qxf6 22. Qxf6 gxf6 23. Rxd4 Rfd8 24. Rxd8+ Rxd8 25. b4 Rd2 26. Ra1 Kg8 27. g4 Kg7 28. Kg2 Kg6 29. Kg3 f5 30. h3 fxg4 31. hxg4 e5 32. f4 exf4+ 33. Kxf4 f6 34. a3 Rf2+ 35. Kg3 Rd2 36. Kf4 Rf2+ 37. Kg3 Rd2 38. Kf4 Rf2+ 39. Kg3 Rd2 40. Kf3 Kg5 1/2-1/2